Los primeros 30 días: medidas económicas y respuesta popular
שמור ב:
| פורמט: | Texto |
|---|---|
| נושאים: | |
| תגים: |
הוספת תג
אין תגיות, היה/י הראשונ/ה לתייג את הרשומה!
|
MARC
| LEADER | 00000 a a2200000 04500 | ||
|---|---|---|---|
| 001 | 1548 | ||
| 003 | |||
| 040 | |||
| 245 | |a Los primeros 30 días: |b medidas económicas y respuesta popular | ||
| 650 | |a ECONOMIA | ||
| 650 | |a DEUDA EXTERNA | ||
| 650 | |a DEFICIT | ||
| 650 | |a CAPITALISMO | ||
| 650 | |a POBREZA | ||
| 650 | |a COSTA RICA | ||
| 773 | |g número 9; páginas 2-6 | ||
| 999 | |c 37399 |d 37399 | ||
